| 000 -LEADER |
| fixed length control field |
00592nam a22001337a 4500 |
| 040 ## - CATALOGING SOURCE |
| Transcribing agency |
RUA |
| 082 ## - DEWEY DECIMAL CLASSIFICATION NUMBER |
| Classification number |
AGR SAE 2020 B1.598 Or. |
| 100 ## - MAIN ENTRY--AUTHOR NAME |
| Personal name |
SAE OTARA. សៃ ឧត្តរា |
| 245 ## - TITLE STATEMENT |
| Title |
EVALUATION OF PERFORMANCE OF VARIOUS BELL PEPPER (CAPSICUM ANNUUM L.) VARIETIES. វាយតម្លៃការសំដែងកម្មនៃពូជម្ទេសហាវ៉ៃផ្សេងៗគ្នា |
| 260 ## - PUBLICATION, DISTRIBUTION, ETC. (IMPRINT) |
| Place of publication |
Phnom Penh |
| Name of publisher |
RUA |
| Year of publication |
2020 |
| 300 ## - PHYSICAL DESCRIPTION |
| Number of Pages |
X.29P |
| Other physical details |
VII. |
| Dimensions |
29CM |
| 856 ## - ELECTRONIC LOCATION AND ACCESS |
| Uniform Resource Identifier |
https://drive.google.com/file/d/1c5dmFel9-5X3llI92s8d-Mw4QwgzgXii/view?usp=sharing |
| 942 ## - ADDED ENTRY ELEMENTS (KOHA) |
| Koha item type |
AGR |
| 952 ## - LOCATION AND ITEM INFORMATION (KOHA) |
| Withdrawn status [LOCAL, KOHA] |
0 |
| 952 ## - LOCATION AND ITEM INFORMATION (KOHA) |
| Withdrawn status [LOCAL, KOHA] |
0 |
| 952 ## - LOCATION AND ITEM INFORMATION (KOHA) |
| Withdrawn status [LOCAL, KOHA] |
0 |
| 952 ## - LOCATION AND ITEM INFORMATION (KOHA) |
| Withdrawn status [LOCAL, KOHA] |
0 |
| 952 ## - LOCATION AND ITEM INFORMATION (KOHA) |
| Withdrawn status [LOCAL, KOHA] |
0 |
| 952 ## - LOCATION AND ITEM INFORMATION (KOHA) |
| Withdrawn status [LOCAL, KOHA] |
0 |